[Event "Mittelfrank Regionalliga Sud-Ost 2223"]
[Site "Mittelfranken"]
[Date "2023.01.15"]
[Round "5.6"]
[White "Sellmayer, Johann"]
[Black "Linhart, Wolfgang"]
[Result "1/2-1/2"]
[WhiteElo "1825"]
[BlackElo "2086"]
[PlyCount "115"]
[EventDate "2022.10.09"]
[EventType "team-tourn"]
[EventRounds "9"]
[EventCountry "GER"]
[SourceTitle "EXT 2024"]
[Source "ChessBase"]
[SourceDate "2023.10.10"]
[SourceVersion "1"]
[SourceVersionDate "2023.10.10"]
[SourceQuality "1"]
[WhiteTeam "Landshut"]
[BlackTeam "Passau II"]
[WhiteTeamCountry "GER"]
[BlackTeamCountry "GER"]

1. e4 c5 2. Nf3 e6 3. d4 cxd4 4. Nxd4 a6 5. Be3 Nf6 6. Nd2 Qc7 7. c3 Be7 8. Bd3 Nc6 9. f4 d6 10. 0-0 e5 11. Nxc6 bxc6 12. fxe5 Ng4 13. Nc4 dxe5 14. Bb6 Qb8 15. h3 Be6 16. Qa4 0-0 17. Qa5 Bxc4 18. Bxc4 Nf6 19. Rae1 Bd8 20. Bxd8 Rxd8 21. Re2 Rd7 22. Qc5 Qc7 23. Rf5 Re7 24. Qf2 Qa7 25. Qxa7 Raxa7 26. Bd3 a5 27. Bc2 Rad7 28. Kf2 Rd6 29. Ke1 g6 30. Rff2 Red7 31. Rd2 Kf8 32. Rxd6 Rxd6 33. Rd2 Ke7 34. Rxd6 Kxd6 35. Ke2 Nd7 36. g4 h6 37. Ke3 g5 38. b4 Nb6 39. Bb3 axb4 40. cxb4 f6 41. a4 Nc8 42. Kd3 Kc7 43. Bc2 Nd6 44. Kc3 Kb6 45. Bd3 Kc7 46. Kb3 Kb6 47. a5+ Ka7 48. Ka4 Kb7 49. b5 cxb5+ 50. Bxb5 Nxe4 51. Kb4 Nf2 52. Bf1 e4 53. Kc3 e3 54. Kd4 Nxh3 55. Kxe3 Nf4 56. Ke4 h5 57. gxh5 Nxh5 58. Kf5 1/2-1/2

[Event "Mittelfrank Regionalliga Sud-Ost 2122"]
[Site "Mittelfranken"]
[Date "2022.03.20"]
[Round "4.3"]
[White "Linhart, Wolfgang"]
[Black "Jukic, Dario"]
[Result "1/2-1/2"]
[WhiteElo "2076"]
[BlackElo "1868"]
[PlyCount "80"]
[EventDate "2021.10.24"]
[EventType "team-tourn"]
[EventRounds "9"]
[EventCountry "GER"]
[SourceTitle "EXT 2024"]
[Source "ChessBase"]
[SourceDate "2023.10.10"]
[SourceVersion "1"]
[SourceVersionDate "2023.10.10"]
[SourceQuality "1"]
[WhiteTeam "Passau II"]
[BlackTeam "Ortenburg"]
[WhiteTeamCountry "GER"]
[BlackTeamCountry "GER"]

1. d4 Nf6 2. Nf3 g6 3. c4 Bg7 4. Nc3 0-0 5. Bg5 h6 6. Bh4 c6 7. e3 d5 8. Be2 Nbd7 9. 0-0 dxc4 10. Bxc4 Nb6 11. Bb3 Bf5 12. Qe2 Ne4 13. Rac1 Nxc3 14. bxc3 g5 15. Bg3 e6 16. Ne5 Qe7 17. e4 Bh7 18. f4 f6 19. Nd3 Kh8 20. Rf2 Nd7 21. Rcf1 Rae8 22. h4 f5 23. fxg5 fxe4 24. Nf4 e5 25. Ne6 Rxf2 26. Rxf2 exd4 27. cxd4 hxg5 28. hxg5 Bg6 29. Qg4 e3 30. Qh3+ Bh7 31. g6 exf2+ 32. Bxf2 Nf6 33. gxh7 Nd5 34. Nxg7 Qxg7 35. Qh5 Rf8 36. Bxd5 cxd5 37. Qxd5 Qf7 38. Qe5+ Qf6 39. Qe2 Rc8 40. Qe3 a6 1/2-1/2

[Event "BL2-Ost 1920"]
[Site "Germany"]
[Date "2019.11.23"]
[Round "3.8"]
[White "Linhart, Wolfgang"]
[Black "Spiess, Gunter"]
[Result "1/2-1/2"]
[WhiteElo "2142"]
[BlackElo "2394"]
[PlyCount "46"]
[EventDate "2019.10.19"]
[EventType "team-tourn"]
[EventRounds "11"]
[EventCountry "GER"]
[SourceTitle "CBM 194 Extra"]
[Source "ChessBase"]
[SourceDate "2020.03.31"]
[SourceVersion "1"]
[SourceVersionDate "2020.03.31"]
[SourceQuality "1"]
[WhiteTeam "Passau"]
[BlackTeam "Nickelhuette Aue"]
[WhiteTeamCountry "GER"]
[BlackTeamCountry "GER"]

1. d4 d5 2. Nf3 Nf6 3. e3 c5 4. c3 Nc6 5. Nbd2 e6 6. Bd3 Be7 7. 0-0 0-0 8. Qe2 Qc7 9. dxc5 Bxc5 10. e4 h6 11. Bc2 Re8 12. e5 Nd7 13. Nb3 Bb6 14. Re1 f6 15. Bf4 Ndxe5 16. Nxe5 fxe5 17. Bxe5 Nxe5 18. Qxe5 Qxe5 19. Rxe5 Bd7 20. Rd1 Rf8 21. Nd4 Rf6 22. Nf3 Raf8 23. Rd2 g5 1/2-1/2

[Event "BL2-Ost 1819"]
[Site "Germany"]
[Date "2018.12.16"]
[Round "4.8"]
[White "Linhart, Wolfgang"]
[Black "Wichmann, Cliff"]
[Result "1/2-1/2"]
[WhiteElo "2154"]
[BlackElo "2266"]
[PlyCount "42"]
[EventDate "2018.11.10"]
[EventType "team-tourn"]
[EventRounds "10"]
[EventCountry "GER"]
[SourceTitle "CBM 190 Extra"]
[Source "ChessBase"]
[SourceDate "2019.07.15"]
[SourceVersion "1"]
[SourceVersionDate "2019.07.15"]
[SourceQuality "1"]
[WhiteTeam "Passau"]
[BlackTeam "Aue Nickelhuette"]
[WhiteTeamCountry "GER"]
[BlackTeamCountry "GER"]

1. d4 d5 2. Nf3 Nf6 3. e3 c5 4. c3 Nc6 5. Bd3 Bg4 6. Nbd2 e6 7. h3 Bh5 8. 0-0 Bd6 9. dxc5 Bxc5 10. b4 Bd6 11. a3 0-0 12. Bb2 Rc8 13. Be2 Bb8 14. Rc1 Qc7 15. g3 Rfd8 16. c4 dxc4 17. Rxc4 Qe7 18. Nd4 Bxe2 19. Qxe2 Ne5 20. Rcc1 Qd7 21. N2f3 Nxf3+ 1/2-1/2

[Event "BL2-Ost 1617"]
[Site "Germany"]
[Date "2016.12.03"]
[Round "5.8"]
[White "Schulz, Lukas"]
[Black "Linhart, Wolfgang"]
[Result "0-1"]
[WhiteElo "2138"]
[BlackElo "2117"]
[PlyCount "136"]
[EventDate "2016.10.14"]
[EventType "team-tourn"]
[EventRounds "10"]
[EventCountry "GER"]
[SourceTitle "CBM 177 Extra"]
[Source "ChessBase"]
[SourceDate "2017.04.27"]
[SourceVersion "1"]
[SourceVersionDate "2017.04.27"]
[SourceQuality "1"]
[WhiteTeam "Forchheim"]
[BlackTeam "Passau"]
[WhiteTeamCountry "GER"]
[BlackTeamCountry "GER"]

1. e4 c5 2. Nc3 e6 3. g3 d5 4. Bg2 Nf6 5. Nge2 d4 6. Nb1 Nc6 7. d3 Be7 8. 0-0 h5 9. h3 Qc7 10. f4 b6 11. a4 Bb7 12. Na3 a6 13. Bd2 Nd7 14. Nc4 b5 15. axb5 axb5 16. Rxa8+ Bxa8 17. Na3 Qb6 18. f5 e5 19. Kh2 Nf6 20. Bf3 Kd7 21. Ng1 Bb7 22. Bg5 c4 23. Bxf6 gxf6 24. dxc4 Bxa3 25. bxa3 bxc4 26. Bxh5 Ke7 27. h4 Ba6 28. g4 d3 29. cxd3 cxd3 30. Nh3 Qd4 31. Qb3 Bc4 32. Qb7+ Kd6 33. Qb1 Rb8 34. Qd1 Rb2+ 35. Kg3 Qxe4 36. Rf2 Qe3+ 37. Rf3 Qd4 38. Bxf7 e4 39. Bxc4 Qxc4 40. Rf2 Rb3 41. h5 d2+ 42. Kh4 e3 43. Rg2 Nd4 44. Rxd2 exd2 45. Qxd2 Qc3 46. Qxc3 Rxc3 47. h6 Nf3+ 48. Kh5 Ne5 49. Nf2 Rc2 50. Nh3 Rc3 51. Nf2 Rf3 52. Ne4+ Ke7 53. Kh4 Rf4 54. h7 Rxg4+ 55. Kh3 Rg1 56. Kh2 Nf3+ 57. Kh3 Rh1+ 58. Kg2 Rxh7 59. Kxf3 Rh1 60. Nd2 Rh3+ 61. Ke4 Rxa3 62. Kd4 Ra5 63. Ke4 Ra4+ 64. Kf3 Kd6 65. Nf1 Ke5 66. Ng3 Rb4 67. Ke3 Rb3+ 68. Kf2 Ra3 0-1

[Event "Oberliga Bayern 1516"]
[Site "Bayern"]
[Date "2015.10.11"]
[Round "1.8"]
[White "Linhart, Wolfgang"]
[Black "Seidenschwarz, Holger"]
[Result "0-1"]
[WhiteElo "2066"]
[BlackElo "1957"]
[PlyCount "77"]
[EventDate "2015.10.11"]
[EventType "team-tourn"]
[EventRounds "9"]
[EventCountry "GER"]
[SourceTitle "EXT 2018"]
[Source "ChessBase"]
[SourceDate "2017.10.13"]
[SourceVersion "1"]
[SourceVersionDate "2017.10.13"]
[SourceQuality "1"]
[WhiteTeam "Passau"]
[BlackTeam "Kelheim"]
[WhiteTeamCountry "GER"]
[BlackTeamCountry "GER"]

1. d4 d5 2. Nf3 Nf6 3. e3 e6 4. Bd3 c5 5. c3 Nc6 6. Nbd2 Bd6 7. 0-0 0-0 8. Re1 Qc7 9. h3 b6 10. e4 cxd4 11. cxd4 e5 12. exd5 Nxd4 13. Nxd4 exd4 14. Nb3 Bb7 15. Bg5 Nxd5 16. Rc1 Qb8 17. Qh5 g6 18. Qh4 Bf4 19. Rcd1 Bxg5 20. Qxg5 Qf4 21. Qxf4 Nxf4 22. Bf1 d3 23. g3 Ne2+ 24. Bxe2 dxe2 25. Rd2 Ba6 26. f4 Rad8 27. Rxd8 Rxd8 28. Kf2 Kg7 29. Nc1 Rd2 30. b3 Kf6 31. g4 h5 32. Ke3 Rd1 33. Kf2 Rd2 34. Ke3 Rd1 35. Kf2 hxg4 36. hxg4 g5 37. f5 Ke5 38. a4 Rxe1 39. Kxe1 0-1

[Event "AUT-chT2M 1516"]
[Site "Austria"]
[Date "2015.10.04"]
[Round "3.1"]
[White "Kiss, Attila"]
[Black "Linhart, Wolfgang"]
[Result "1/2-1/2"]
[WhiteElo "2373"]
[BlackElo "2165"]
[PlyCount "63"]
[EventDate "2015.10.02"]
[EventType "team-tourn"]
[EventRounds "11"]
[EventCountry "AUT"]
[SourceTitle "CBM 168 Extra"]
[Source "ChessBase"]
[SourceDate "2015.10.29"]
[SourceVersion "1"]
[SourceVersionDate "2015.10.29"]
[SourceQuality "1"]
[WhiteTeam "Fuerstenfeld/Hartberg"]
[BlackTeam "Sauwald II"]
[WhiteTeamCountry "AUT"]
[BlackTeamCountry "AUT"]

1. e4 c5 2. Nf3 e6 3. d4 cxd4 4. Nxd4 a6 5. Bd3 d5 6. exd5 Qxd5 7. 0-0 Nc6 8. Nxc6 Qxc6 9. Nc3 Nf6 10. Re1 Be7 11. Bg5 h6 12. Bh4 Bd7 13. Qe2 0-0 14. Rad1 Rad8 15. Ne4 Nd5 16. Bxe7 Nxe7 17. Qh5 f5 18. Nd2 Nd5 19. Qh4 Qc7 20. Nc4 Bb5 21. Rxe6 Nf4 22. Re7 Qc5 23. Ree1 Rd4 24. Re5 Qc6 25. Qg3 Bxc4 26. Re7 Qf6 27. Bxc4+ Rxc4 28. Rdd7 Ng6 29. Qd3 Re4 30. Rxg7+ Qxg7 31. Rxg7+ Kxg7 32. g3 1/2-1/2

[Event "Paleochora op 7th"]
[Site "Paleochora"]
[Date "2014.07.22"]
[Round "3"]
[White "Pandini, Giuseppe"]
[Black "Linhart, Wolfgang"]
[Result "0-1"]
[WhiteElo "1722"]
[BlackElo "2154"]
[PlyCount "62"]
[EventDate "2014.07.21"]
[EventType "swiss"]
[EventRounds "9"]
[EventCountry "GRE"]
[SourceTitle "CBM 161 Extra"]
[Source "ChessBase"]
[SourceDate "2014.08.29"]
[SourceVersion "1"]
[SourceVersionDate "2014.08.29"]
[SourceQuality "1"]

1. f4 d5 2. Nf3 Nf6 3. e3 g6 4. Nc3 Bg7 5. d4 0-0 6. Be2 b6 7. 0-0 Bb7 8. Ne5 Nfd7 9. Bf3 e6 10. Ng4 c5 11. Ne2 Nc6 12. c3 b5 13. Ng3 b4 14. Be2 a5 15. Bd2 Ba6 16. Bxa6 Rxa6 17. Qc2 Qb6 18. Ne2 Rc8 19. Rab1 Raa8 20. Nf2 cxd4 21. exd4 Nxd4 22. Nxd4 Bxd4 23. Qd3 Bg7 24. Be3 Qa6 25. Rfc1 Qxd3 26. Nxd3 bxc3 27. bxc3 Rxc3 28. Rxc3 Bxc3 29. Rb7 Nf6 30. Rc7 Ne4 31. Ba7 Rxa7 0-1

[Event "Oberliga Bayern 1213"]
[Site "Bayern"]
[Date "2012.11.11"]
[Round "2.7"]
[White "Linhart, Wolfgang"]
[Black "Lindenberg, Georg"]
[Result "1-0"]
[WhiteElo "2071"]
[BlackElo "2160"]
[PlyCount "119"]
[EventDate "2012.10.14"]
[EventType "team-tourn"]
[EventRounds "9"]
[EventCountry "GER"]
[SourceTitle "EXT 2015"]
[Source "ChessBase"]
[SourceDate "2014.11.20"]
[SourceVersion "1"]
[SourceVersionDate "2014.11.20"]
[SourceQuality "1"]
[WhiteTeam "Passau"]
[BlackTeam "Pang/Rosenheim"]
[WhiteTeamCountry "GER"]
[BlackTeamCountry "GER"]

1. d4 Nf6 2. Nf3 e6 3. e3 d5 4. Bd3 c5 5. c3 Nc6 6. Nbd2 Bd6 7. 0-0 0-0 8. dxc5 Bxc5 9. e4 dxe4 10. Nxe4 Nxe4 11. Bxe4 f6 12. b4 Bd6 13. Be3 Qc7 14. h3 Ne5 15. Nxe5 Bxe5 16. Rc1 f5 17. Bf3 Bd6 18. Qb3 a5 19. a4 Kh8 20. Rcd1 e5 21. bxa5 e4 22. Bb6 Qe7 23. Be2 Qe5 24. g3 Be6 25. Bc4 f4 26. Bxe6 fxg3 27. Qd5 g2 28. Qxd6 gxf1Q+ 29. Kxf1 Qxc3 30. Qd2 Qf3 31. Bg4 Qf7 32. Qe3 h5 33. Be2 Rae8 34. Qg5 Qf5 35. Qxh5+ Qxh5 36. Bxh5 Re5 37. Be2 e3 38. f3 Rf7 39. Rd8+ Kh7 40. Bd3+ g6 41. Ke2 Kh6 42. Be4 Kg5 43. Rg8 Kh4 44. Rxg6 Kxh3 45. Kxe3 Re8 46. Bd4 Rf5 47. a6 bxa6 48. Rxa6 Rh5 49. Rb6 Ra5 50. Kf2 Kh4 51. Rb5 Ra6 52. a5 Rd6 53. Be3 Rxe4 54. fxe4 Ra6 55. Bb6 Kg4 56. Ke3 Ra8 57. Rf5 Rb8 58. Rf1 Ra8 59. e5 Kg5 60. Ke4 1-0

[Event "Oberliga Bayern 1011"]
[Site "Germany"]
[Date "2011.04.10"]
[Round "9.8"]
[White "Steinmueller, Alexander"]
[Black "Linhart, Wolfgang"]
[Result "1-0"]
[WhiteElo "1952"]
[BlackElo "2041"]
[PlyCount "101"]
[EventDate "2010.10.10"]
[EventType "team-tourn"]
[EventRounds "9"]
[EventCountry "GER"]
[SourceTitle "EXT 2012"]
[Source "ChessBase"]
[SourceDate "2011.11.24"]
[SourceVersion "1"]
[SourceVersionDate "2011.11.24"]
[SourceQuality "1"]
[WhiteTeam "Puschendorf"]
[BlackTeam "Passau"]
[WhiteTeamCountry "GER"]
[BlackTeamCountry "GER"]

1. e4 c5 2. d3 e6 3. g3 d5 4. c3 dxe4 5. dxe4 Qxd1+ 6. Kxd1 e5 7. Nd2 Nf6 8. f3 Be7 9. Kc2 0-0 10. Nc4 Nc6 11. Bd2 Be6 12. Ne3 g6 13. Bc4 Bxc4 14. Nxc4 Rfd8 15. Nh3 Rac8 16. a4 Ne8 17. Rad1 Nd6 18. Nxd6 Rxd6 19. Nf2 h5 20. Bc1 Rcd8 21. Rxd6 Rxd6 22. Rd1 Kf8 23. Rxd6 Bxd6 24. Nd1 Ke7 25. Ne3 Ke6 26. g4 Ne7 27. Kd3 hxg4 28. fxg4 f5 29. gxf5+ gxf5 30. exf5+ Nxf5 31. Ke4 Nh4 32. Bd2 Be7 33. Be1 Ng6 34. Bg3 Bg5 35. Nc4 Bf6 36. a5 Bd8 37. Bf2 b5 38. axb6 axb6 39. b4 Be7 40. b5 Bd8 41. Bg3 Nf4 42. Bxf4 exf4 43. Nd2 Bf6 44. c4 Bb2 45. Nf3 Bc1 46. h4 Kf6 47. h5 Ke6 48. Ne5 Kf6 49. Nd3 Bd2 50. Nxf4 Kg5 51. Nd5 1-0

[Event "Oberliga Bayern 1011"]
[Site "Germany"]
[Date "2010.10.24"]
[Round "2.8"]
[White "Giss, Helene"]
[Black "Linhart, Wolfgang"]
[Result "1/2-1/2"]
[WhiteElo "1978"]
[BlackElo "2041"]
[PlyCount "103"]
[EventDate "2010.10.10"]
[EventType "team-tourn"]
[EventRounds "9"]
[EventCountry "GER"]
[SourceTitle "EXT 2012"]
[Source "ChessBase"]
[SourceDate "2011.11.24"]
[SourceVersion "1"]
[SourceVersionDate "2011.11.24"]
[SourceQuality "1"]
[WhiteTeam "Dillingen"]
[BlackTeam "Passau"]
[WhiteTeamCountry "GER"]
[BlackTeamCountry "GER"]

1. e4 c5 2. d3 e6 3. g3 d5 4. Qe2 Nf6 5. Bg2 Nc6 6. Nf3 Be7 7. 0-0 0-0 8. Na3 a6 9. c3 b5 10. Nc2 dxe4 11. dxe4 Bb7 12. Bf4 Qb6 13. b3 Rfd8 14. e5 Nd5 15. Bd2 Qc7 16. Rad1 a5 17. Rfe1 Ba6 18. Qe4 Rac8 19. Qg4 b4 20. Bh6 g6 21. cxb4 axb4 22. h4 Nc3 23. Rxd8+ Rxd8 24. h5 Bd3 25. hxg6 hxg6 26. Ne3 Nxe5 27. Qh3 Nxf3+ 28. Bxf3 Qe5 29. Bg4 Bf8 30. Qh4 Qd4 31. Bg5 Rd5 32. Bf6 Rh5 33. Bxd4 Rxh4 34. Bxc3 Rxg4 35. Nxg4 bxc3 36. Rc1 c2 37. Ne5 Bf5 38. f4 g5 39. Kf2 f6 40. Nc4 gxf4 41. gxf4 Bh6 42. Rg1+ Kf8 43. Ke2 Bxf4 44. Ne3 Be4 45. a4 Ke7 46. Kd2 Kd7 47. Re1 Kc6 48. Kc1 f5 49. Kb2 Be5+ 50. Kc1 Bf4 51. Kb2 Be5+ 52. Kc1 1/2-1/2

[Event "Oberliga Bayern 1011"]
[Site "Germany"]
[Date "2010.10.10"]
[Round "1.8"]
[White "Linhart, Wolfgang"]
[Black "Schmidt, Anton"]
[Result "0-1"]
[WhiteElo "2041"]
[BlackElo "2055"]
[PlyCount "60"]
[EventDate "2010.10.10"]
[EventType "team-tourn"]
[EventRounds "9"]
[EventCountry "GER"]
[SourceTitle "EXT 2012"]
[Source "ChessBase"]
[SourceDate "2011.11.24"]
[SourceVersion "1"]
[SourceVersionDate "2011.11.24"]
[SourceQuality "1"]
[WhiteTeam "Passau"]
[BlackTeam "Groebenzell"]
[WhiteTeamCountry "GER"]
[BlackTeamCountry "GER"]

1. d4 Nf6 2. Nf3 c5 3. c3 g6 4. Bf4 Bg7 5. e3 0-0 6. Be2 d6 7. h3 Be6 8. dxc5 dxc5 9. Nbd2 Nc6 10. 0-0 Bf5 11. Qb3 e5 12. Nxe5 Qxd2 13. Nxc6 bxc6 14. Bf3 Bc2 15. Qb7 Be4 16. Bxe4 Nxe4 17. Qxc6 Rfe8 18. Qb7 Qd8 19. Rad1 Qb6 20. Qxb6 axb6 21. a3 c4 22. Bc7 Nc5 23. Rd5 Na4 24. Rd2 Rac8 25. Bd6 Rcd8 26. Rfd1 Bf6 27. Bb4 Rxd2 28. Rxd2 Rd8 29. Re2 Rd1+ 30. Kh2 Rb1 0-1

[Event "Cologne Chess Days op"]
[Site "Cologne"]
[Date "2010.08.22"]
[Round "4"]
[White "Hack, Thomas1111"]
[Black "Linhart, Wolfgang"]
[Result "1/2-1/2"]
[WhiteElo "2046"]
[BlackElo "2184"]
[PlyCount "57"]
[EventDate "2010.08.20"]
[EventType "swiss"]
[EventRounds "5"]
[EventCountry "GER"]
[SourceTitle "EXT 2011"]
[Source "ChessBase"]
[SourceDate "2010.11.26"]
[SourceVersion "1"]
[SourceVersionDate "2010.11.26"]
[SourceQuality "1"]

1. d4 Nf6 2. Bg5 g6 3. Bxf6 exf6 4. e3 Bg7 5. Nf3 d6 6. c4 0-0 7. Nc3 f5 8. g3 c6 9. Bg2 Nd7 10. 0-0 Nf6 11. Rc1 Re8 12. b4 a6 13. c5 d5 14. a4 Ne4 15. Nd2 Nxc3 16. Rxc3 g5 17. Qb3 Qf6 18. Rd3 Bd7 19. f4 g4 20. Kf2 h5 21. Rd1 Qd8 22. a5 Bf6 23. Nf1 h4 24. Qc2 Kg7 25. Rc3 Rh8 26. Qd2 Qe7 27. Rb3 Rh6 28. Ra3 Rah8 29. Qd3 1/2-1/2